[Event "American Continental 3rd"]
[Site "Buenos Aires"]
[Date "2005.08.16"]
[Round "11"]
[White "Akobian, Varuzhan"]
[Black "Leitao, Rafael Duailibe"]
[Result "1/2-1/2"]
[WhiteElo "2558"]
[BlackElo "2598"]
[Annotator "Golod,V"]
[PlyCount "94"]
[EventDate "2005.08.06"]
[EventType "swiss"]
[EventRounds "11"]
[EventCountry "ARG"]
[SourceTitle "CBM 109"]
[Source "ChessBase"]
[SourceDate "2005.11.14"]
[SourceVersion "1"]
[SourceVersionDate "2005.11.14"]
[SourceQuality "1"]

1. d4 Nf6 2. c4 e6 3. Nc3 Bb4 4. Qc2 O-O 5. a3 Bxc3+ 6. Qxc3 b6 7. Nf3 Bb7 8.
e3 d6 9. Be2 Nbd7 10. O-O Ne4 11. Qc2 f5 12. b4 Qf6 $5 {Besides this Black has
two main alternatives:} (12... a5 {See comments to Sokolov,I-Xu Jun/Biel,1993/
CBM 37(1-0)(Ambroz)(62)}) ({and} 12... Rf6 $5 {You can see my annotations to:
Sokolov,I-Kristjansson,S/Selfoss,2002/CBM 92(1-0)(30)}) 13. Ne1 $5 {White
wants to get rid of the black knight, which is in the centre and then to play
on the queenside.} ({On:} 13. Bb2 {I have found five games in Mega DataBase
2005. For an example we shall consider the most interesting of them: Sokolov,
I-Van der Wiel,J/Wijk aan Zee,1993/CBM 34(0-1)(Ftacnik,L)(33)}) ({Only once
was checked in the preceding game:} 13. Nd2) 13... f4 $146 {After this
inaccurate novelty, Black will have to fight for equality.} (13... a5 $5 14. f3
Ng5 15. c5 bxc5 16. bxc5 dxc5 17. Rb1 Bd5 18. dxc5 Qe7 19. c6 (19. Nd3 $5)
19... Nb6 20. a4 e5 $11 {Kozul,Z-Shariyazdanov,A/Porec,1998(1/2-1/2)(62)}) 14.
Bd3 $1 $14 {[%csl Re4,Rf4,Rh7] This is the best way to show that Black's
novelty was bad.} (14. Nd3 fxe3 15. Bxe3 Qg6 {[%csl Gb7,Rg2,Gg6]} 16. f3 Ng5
17. Kh1 {+/=/=}) 14... fxe3 $1 {Otherwise, Rafael Leitao remains without a
pawn and without compensation for it:} (14... d5 $143 15. cxd5 exd5 16. Qxc7
$16) 15. Bxe3 (15. Bxe4 $4 {is refuted by:} Bxe4 16. Qb2 (16. Qxe4 $4 exf2+ 17.
Kh1 fxe1=Q 18. Rxe1 Qf1+ 19. Rxf1 Rxf1#) 16... exf2+ 17. Rxf2 Qg6 $17) 15...
Qh4 16. g3 ({Leads to minimal advantage for White:} 16. f3 Nef6 17. Qf2) 16...
Qg4 $1 (16... Ng5 $2 17. d5 {[%csl Rb7,Rh4][%cal Gg3h4]} Qh6 (17... Qg4 18. Be2
$16 {ףg4,Ng5}) 18. h4 Qf6 {צa1} 19. Rd1 Nf7 20. Bxh7+ Kh8 21. Be4 $16) 17. f3
$2 {On the first glance, it seems that Black should resign here, but that's
not correct. Actually, better here was:} (17. h3 $1 Qxh3 (17... Qg6 $2 18. Ng2
{/\f3} Ndf6 $140 19. g4 $1 $16 {[%csl Re4,Rg6][%cal Gf2f3,Gg4g5]}) 18. Bxe4 Nf6
$8 19. Bxb7 $140 Ng4 20. f4 $1 (20. Nf3 $4 Rxf3 21. Bxf3 $140 Qh2#) (20. f3 $2
Nxe3 21. Qf2 Nxf1 22. Bxa8 Nxg3 23. Qg2 Qh4 {and now the bishop on a8 can't
get back because of the Pf3:} 24. Be4 Nxe4 25. fxe4 Rf6 {[%csl Rg1,Rg2][%cal
Gf6g6]} 26. Nf3 Qxe4 27. Re1 Qd3 {-/+/-+}) 20... Nxe3 21. Qf2 Nxf1 22. Bxa8
Nxg3 23. Bg2 Qg4 24. Kh2 $1 (24. Qf3 $2 Ne2+ 25. Kh1 Qh4+ $36) 24... Ne2 (24...
Nh5 $144 25. Bh3) 25. Bh3 Qxf4+ 26. Qxf4 Nxf4 27. Rd1 $14 {but, during the
game, it's hard to go for such a sharp game.}) 17... Ng5 $1 18. Bxh7+ {White
didn't have any other alternative:} (18. fxg4 $4 Nh3#) (18. c5 $6 bxc5 19. dxc5
(19. Bxh7+ $2 Kh8 20. bxc5 Rxf3 $1 $40) (19. bxc5 Bxf3 $15) 19... Ne5 $40 20.
Bxh7+ $140 Kh8 21. Bxg5 Qd4+ 22. Kg2 Qxa1 $15) 18... Kh8 $8 19. Be4 $6 (19. d5
$5 Nxf3+ 20. Nxf3 Rxf3 21. Bf4 Nf6 (21... exd5 $2 22. Bf5 {[%csl Rd7,Rg4]}) 22.
Rxf3 Qxf3 23. Bd3 exd5 $140 24. Rf1 Qh5 25. Bg6 Qh3 26. Bf5 Qh5 27. Bg6 $11)
19... Bxe4 20. Bxg5 $2 {After this mistake White will have to fight for escape
up to the end of the game.} (20. fxe4 $5 Rxf1+ 21. Kxf1 Nxe4 22. Kg1 Rf8 23.
Ng2 {=/=/+}) 20... Rxf3 $1 {Perhaps White missed the fact that his queen is
under attack after this capture.} 21. Qd2 Rxf1+ 22. Kxf1 Rf8+ ({This deserves
serious attention:} 22... a5) 23. Kg1 e5 $17 {White's King is open, and the
opposite bishops on the board only make Black's attack stronger.} 24. Be3 Nf6 (
24... d5 $1 {to expose the /^ a8-h1 diagonal, and to create so threats that
White will have a tough time dealing over with it.}) 25. dxe5 dxe5 26. Ng2 Bxg2
{A controversial decision - Black wins a pawn, but loses his light-squared
bishop.} (26... Bb7 $5 {/\Ne4 and White will have a tough time with all of
Black's threats.}) 27. Qxg2 {Varuzhan Akobian consolidated his position - and
regardless of the missing pawn, it will be hard to break through his position.}
Qxc4 28. Rf1 $6 (28. Re1 $142 {/\Qe2}) 28... Kg8 $1 {[%csl Yg8][%cal Yg8f8,
Gc4d3,Gf6d5]} 29. Qb7 {White is trying to confuse his opponent, and it is
working.} (29. Rc1 $143 Qd3 30. Qd2 Qxa3 31. b5 (31. Rxc7 $6 Ng4 32. Qd5+ Kh8
33. Bc1 Qxb4 $19) 31... Ng4 32. Qd5+ Kh8 33. Bd2 Ne3 $1 34. Qc6 (34. Qxe5 $4 {
[%tqu "En","Find the killer move!","","","a3c1","",10]} Qxc1+ 35. Bxc1 Rf1#)
34... Qd3 $19) 29... Qe4 $6 ({Leads to a very hard position for White:} 29...
Qd3 $1 {ץe3,Pa3; /\Nd5} 30. Bg5 Nd5 31. Rxf8+ Kxf8 32. g4 $1 {><f5} (32. Qxa7
$143 e4 33. Qa8+ Kf7 34. Qc8 e3 35. Qd7+ Kg6 36. Qg4 Qf5 $1 37. Qxf5+ Kxf5 $19)
32... Kf7 $1 (32... Qd4+ $143 33. Kf1 Qc4+ 34. Kf2 Kf7 35. Qc8 $132 {[%csl Rf7]
[%cal Gc8f5]}) 33. Qc8 a5 $1 $17) 30. Qxe4 Nxe4 31. Rxf8+ Kxf8 {-/+/=/+
Exchanging all of the heavy pieces, and the pawn advantage on the kingside and
B / N in the endgame - allows White to hope for salvation.} 32. Kg2 Kf7 33. Kf3
Nf6 (33... Nd6 $142 {/\Nc4 (קa3)}) 34. g4 Ke6 35. h4 g6 $2 (35... Nd5 $5 36.
Bd2 {[%cal Gh4h5,Yg4g5]} c5 37. bxc5 bxc5 {with good chances to win this
endgame.}) 36. b5 $1 $15 {White blockades the queenside, thus getting himself
closer to his goal.} e4+ (36... Kd5 $5 {Probably this is the only chance to
win the game.} 37. a4 Kc4 38. Bg5 {[%csl Rc7,Gg4,Yg5,Gh4] but there were some
risks.}) 37. Kf4 Nd5+ 38. Kxe4 Nc3+ 39. Kd3 Nxb5 40. a4 Nd6 41. Bf4 {The
counterplay on the kingside gives White a draw.} a6 42. h5 $11 gxh5 43. gxh5
Kf5 44. Be3 {Anything, just not:} (44. Bxd6 $4 cxd6 45. Kd4 b5 46. axb5 axb5
47. Kc3 d5 {with mate in 19 moves :)}) 44... b5 45. axb5 axb5 ({This also
doesn't change anything:} 45... Nxb5 46. Kc4 {with an easy draw.}) 46. Kd4 Ne4
47. h6 {The "h" pawn is distracting black, while the white king gets to
black's pawns.} Nf6 ({After:} 47... Nf6 {soon all the pieces will disappear
from the board:} 48. Kc5 Kg6 49. Kxb5 Ng8 50. Kc6 Nxh6 51. Bxh6 Kxh6 52. Kxc7)
1/2-1/2

[Event "Mondariz zt 1.1"]
[Site "Mondariz"]
[Date "2000.09.03"]
[Round "1"]
[White "San Segundo Carrillo, Pablo"]
[Black "Tiviakov, Sergei"]
[Result "0-1"]
[WhiteElo "2500"]
[BlackElo "2608"]
[Annotator "Golod,V"]
[PlyCount "80"]
[EventDate "2000.09.03"]
[EventType "swiss"]
[EventRounds "11"]
[EventCountry "ESP"]
[SourceTitle "CBM 079"]
[Source "ChessBase"]
[SourceDate "2000.11.21"]
[SourceVersion "1"]
[SourceVersionDate "2000.11.21"]
[SourceQuality "1"]

1. d4 Nf6 2. c4 e6 3. Nc3 Bb4 4. Qc2 O-O 5. a3 Bxc3+ 6. Qxc3 b6 7. Bg5 Ba6 8.
e3 d6 9. Bd3 $5 {It's the main line.Other possibilities are:} (9. Nf3 $5 {
See comments to Ivanchuk,V-Adams,M/Linares,1999/CBM 70 (0-1)(Golod,V)(40);9.f3;
9.Qc2 and 9.b4.}) 9... Nbd7 10. Ne2 $5 (10. b4 $5 {See comments to Jelen,
I-Gyimesi,Z/Baden, 1999/CBM 71(1/2-1/2)(Golod,V)(25)}) ({Also it deserves
attention:} 10. Nf3 $5) 10... Rc8 $5 {[%mdl 4] Besides,black has two
principales moves:} (10... h6 $5 {See comments to Schandorff,L-Ochsner,T/
Esbjerg,1997/CBM 60 (1-0) (Tsesarsky,I)(51)}) ({and} 10... c5 $5 {See comments
to DaoThien Hai- Nisipeanu,L/Balatonbereny,1996/CBM 55 (0-1) (Dautov,R)(67)})
11. Qc2 {In my opinion this move better,than:} (11. O-O) ({or} 11. b4) 11... h6
12. Bh4 c5 {[%csl Rc2,Gc8]} 13. Qa4 Bb7 {[%csl Rg2][%cal Gb7g2]} ({Very
interestingly:} 13... cxd4 $5 14. Bxf6 (14. Qxa6 $4 Nc5 $19) 14... Nc5 15. Bxd8
Nxa4 16. Bh4 Nxb2 17. Nc1 Nxd3+ 18. Nxd3 dxe3 19. fxe3 Rxc4 $13 {Wang
Lei-Torre,E/Quezon City,2000(1/2-1/2) (43)}) 14. O-O Qc7 $5 (14... a6) ({and} 
14... cxd4 {was checked in the previous games.}) 15. Nc3 {Probably,it's
slightly dubios move.} ({Can be recommended:} 15. Rfc1 $5 cxd4 (15... Qb8 $143
16. Nc3 Bc6 17. Qd1 Qb7 18. Bf1 d5 19. cxd5 Nxd5 20. Nb5 $14 {Sasikiran,
K-Prasad,D/Mumbai,2000(1-0) (50)}) (15... Rfe8 16. Nc3 Qb8 17. Bf1 a6 18. Qd1
Qc7 19. b4 Ne4 20. Nxe4 Bxe4 21. f3 Bb7 22. Ra2 Nf8 23. Bg3 e5 24. Rd2 $14 {
Markus,R-Geanta,H/Balatonlelle,2000(1-0) (41)}) 16. exd4 Be4 17. Bxe4 Nxe4 18.
Nc3 Nxc3 {+/=/=;1/2-1/2 Nielsen,P-Rozentalis,E/ Wattenschied,2000(18)}) ({or} 
15. Rac1 $5 cxd4 16. exd4 Be4 17. Bxe4 Nxe4 18. Rfd1 Qb7 19. d5 (19. Ng3 $5)
19... e5 20. Qc2 {+/=/= Drasko,M-Vratonjic,S/Niksic,1997(1/2-1/2) (26)}) 15...
a6 16. Qd1 $5 $146 (16. Rad1 d5 17. Bg3 Qd8 18. cxd5 b5 19. Qb3 Nxd5 20. a4
Nxc3 21. bxc3 Bd5 22. Qb2 Nb6 {1/2-1/2 Bareev,E-Kortschnoj,V/Sarajevo,1998 (22)
}) 16... Rce8 $6 {Strange decision.} ({More logically:} 16... Rfe8 $5) ({
Also can be recommended:} 16... Qc6 17. f3 d5 18. cxd5 Nxd5 19. Nxd5 exd5 {
with approximately equal position.}) 17. Rc1 Qc6 18. f3 $8 ({Loses right away:
} 18. d5 exd5 $140 19. Bxf6 {because of:} dxc4 $1 {[%csl Rd3,Rf6,Rg2][%cal
Gc6g2]} 20. Be4 Rxe4 21. Nxe4 Qxe4 $19) 18... d5 19. cxd5 Nxd5 20. Bf2 $14 ({
A little worse is:} 20. Nxd5 exd5 (20... Qxd5 $2 21. Be4 Qh5 22. Bxb7 Qxh4 23.
Bxa6 $16) 21. Re1 $11) 20... c4 $5 {On the face of it it's dangerous decision,
but differently after:} (20... Nxc3 21. Rxc3 {white has a clear positional
advantage.}) 21. Ne4 b5 22. b3 c3 $5 {This move leads to unclear position.} (
22... N7b6 $143 23. Nd2 Qd6 (23... c3 24. e4 Nf4 25. Nb1 $16 {[%csl Rc3]}) 24.
bxc4 bxc4 25. Nxc4 Nxc4 26. Bxc4 Qxa3 27. Ra1 $14) 23. Rc2 ({Badly:} 23. Qe1
Rc8 $140 (23... b4 $2 24. axb4 Nxb4 25. Bc4 $16 {[%csl Rc3]}) 24. Nxc3 Nxc3 25.
Be4 {in view of:} Ne2+ $1 26. Qxe2 Qxc1 27. Bxb7 (27. Rxc1 $2 Rxc1+ 28. Be1
Bxe4 29. fxe4 Rfc8 $17) 27... Qxa3 28. Bxc8 Rxc8 $15) ({From my point of view
white save at advantage after:} 23. Nc5 $5 Nxc5 24. dxc5 {[%csl Rc3,Yd5][%cal
Ge3e4]}) 23... a5 24. Qe2 b4 ({Mistaken protective move:} 24... Ba6 $2 {
because of:} 25. Rfc1 Rc8 26. Be1 {[%csl Ra6,Rc3,Gd3]}) 25. axb4 axb4 26. Bb5
Qc7 $8 27. Bg3 e5 $8 28. dxe5 Re6 $5 {[%mdl 512] In my opinion it's sound
decision.} (28... Ra8 $143 29. Nd6 (29. e6 $143 Ne5 30. f4 f5 $1 $13) 29... Bc6
30. Bc4 Qa7 31. Re1 {with obvious advantage of white.}) 29. Bxd7 Qxd7 30. Nc5
Qc8 31. Nxe6 Ba6 $1 32. Qf2 Qxe6 $44 ({Very badly:} 32... Bxf1 $2 {because of:}
33. Nxf8 Bd3 34. Rc1 c2 (34... Kxf8 35. e4 Ne7 36. Qd4 $18 {[%csl Rb4,Rd3]}) (
34... Qxf8 35. e4 Nc7 36. Qd4 Bb5 37. Qb6 Qc8 38. e6 $1 $18) 35. Qd2 Qc3 36.
Be1 $1 Kxf8 37. e4 Qxd2 (37... Qd4+ 38. Kh1 Nc3 39. Rxc2 $18) 38. Bxd2 Nc3 39.
Bxc3 bxc3 40. Kf2 $18 {[%csl Rc2,Yd3][%cal Gf2e3]}) 33. Ra1 Nc7 34. Rcc1 ({
Absolutely senselessly:} 34. Rca2 {in view of:} Bd3 35. Ra4 Qxb3 36. e4 {
[%csl Rb4][%cal Gf2b6,Gb6b4]} Ne6 {=/+/-/+} 37. Qb6 $2 Bb1 {[%csl Rg1][%cal
Gb3d1]} 38. Rxb4 Qd1+ 39. Kf2 Qd2+ 40. Kg1 Nf4 $1 41. Qf2 (41. Bxf4 $2 Qe1#)
41... Ne2+ 42. Qxe2 (42. Kf1 $2 Bd3 $19) 42... Qxe2 43. Rbxb1 c2 $17) 34... Bd3
35. Qa2 $2 {Probably it's decisive mistake.} ({Also badly:} 35. Rd1 $2 Bg6 (
35... Rd8 $2 36. Qa2 $16 {[%csl Gd1,Rd8]}) 36. e4 Qxb3 37. Qc5 Ne6 38. Qd5 Qxd5
(38... Qc2 $4 39. Ra2 $18 {[%csl Rc2]}) (38... Qb2 $4 39. Ra2 $18 {[%csl Rb2]})
39. exd5 (39. Rxd5 $2 b3 $17) 39... Nc5 40. e6 fxe6 41. Bd6 Rc8 42. Bxc5 Rxc5
43. dxe6 c2 44. Rd8+ Kh7 45. Rc1 (45. Kf2 $144 c1=Q 46. Rxc1 Rxc1 47. e7 b3 $19
) 45... b3 46. Rb8 Rd5 $19 {[%cal Gd5d1]}) ({It is necessary:} 35. e4 $5 Qxb3
$140 36. e6 Nxe6 37. Bd6 Rc8 38. Qe3 (38. Qb6 $2 Rc4 39. Ra8+ Kh7 $17) 38...
Bc2 (38... Qc4 $2 39. Bxb4 $16) (38... Bb5 $2 39. Rab1) 39. Bxb4 Qxb4 40. Rxc2
Nd4 41. Rca2 c2 42. Kf2 Qb3 43. Qd2 Qb6 (43... Nxf3 44. gxf3 Qxa2 45. Rxa2 c1=Q
$11) 44. Qe3 $11) 35... Ra8 36. Qf2 (36. Qxa8+ Nxa8 37. Rxa8+ Kh7 {[%csl Rb3]}
38. Rd8 Bg6 $17) 36... Rxa1 37. Rxa1 Qxb3 38. e4 Qc4 $19 {[%csl Gb4,Gc3][%cal
Gb4b3,Gb3b2] It's difficult to give a good advise for white.Further resistance
is impossible.} 39. Bf4 (39. e6 Nxe6 40. Qa7 b3 $19) 39... b3 40. Bc1 Qb4 {
[%cal Gb3b2]} (40... Qb5 $144 {[%cal Gb3b2]}) 0-1

[Event "USA-ch playoff"]
[Site "Seattle"]
[Date "2000.10.07"]
[Round "1"]
[White "Seirawan, Yasser"]
[Black "Shabalov, Alexander"]
[Result "1-0"]
[WhiteElo "2647"]
[BlackElo "2601"]
[Annotator "Golod,V"]
[PlyCount "59"]
[EventDate "2000.10.07"]
[EventType "tourn"]
[EventRounds "4"]
[EventCountry "USA"]
[EventCategory "15"]
[SourceTitle "CBM 080"]
[Source "ChessBase"]
[SourceDate "2001.01.25"]
[SourceVersion "1"]
[SourceVersionDate "2001.01.25"]
[SourceQuality "1"]

1. d4 Nf6 2. c4 e6 3. Nc3 Bb4 4. Qc2 O-O 5. a3 Bxc3+ 6. Qxc3 b5 7. cxb5 c6 8.
Bg5 cxb5 9. e3 Bb7 10. Nf3 (10. f3 {See comments to Kramnik,V-Adams,M/Dortmund,
1998/CBM 66(1/2-1/2)(Golod,V)(41)}) 10... h6 11. Bxf6 $5 ({Slightly worse is:} 
11. Bh4) 11... Qxf6 12. Be2 (12. Qc7 {You can see comments to Georgiev,
K-Nikolic,P/Sarajevo,1998(1/2-1/2)(Golod,V) (31)}) 12... a6 $6 $146 {From my
point of view this novelty brings black one difficulties.Before with success
applied:} (12... Rc8 $5 13. Qd3 a6 (13... Bd5 14. Qxb5 Nc6 15. Qa6 Bb3 16. Nd2
Rcb8 17. Qd3 Ba4 18. Qa6 Bb3 $44 {Kumaran,D-Ashley,M/New York Marshall,1995(1/
2-1/2)(42)}) 14. O-O Nc6 $5 (14... Bxf3 $143 15. Bxf3 Ra7 16. a4 bxa4 17. Rxa4
$14 {Salov,V-Rivas Pastor,M/Madrid,1993(1-0) (31)}) 15. Nd2 Na5 16. Rfc1 Bd5
17. b3 Qe7 $11 {Allen,K-Marusenko,P/Port Erin,1999(0-1) (52)}) ({Weakly:} 12...
Qg6 {in view of:} 13. Qc7 $1 Bd5 14. O-O Nc6 15. Rac1 Rac8 16. Qd6 {()} f5 17.
Rc5 Kh7 18. Rfc1 f4 19. Nh4 Qf6 20. Bd3+ Kg8 21. e4 Ba2 22. Nf3 $16 {
Hjartarson,J-Arnason,J/Reykjavik,1984(1-0) (56)}) 13. Rc1 Qg6 $6 ({Leads to
bad position:} 13... Rc8 14. Qxc8+ $1 Bxc8 15. Rxc8+ Kh7 16. Bd3+ g6 17. O-O
Qe7 18. Rfc1 $16) ({Can be recommended:} 13... Nc6 $5) 14. O-O Nc6 15. Qc5 Na5
$2 {[%mdl 8192] Inexplicable mistake.Probably white expected only on 16.Qb6} ({
It deserves attention:} 15... Rfd8 $5) 16. Qc7 {[%csl Ya5,Rb7][%cal Ya5b7]} (
16. Qb6 $2 Bxf3 17. Bxf3 Nc4 18. Qc5 (18. Rxc4 $2 Rab8 $17 {[%csl Rb6,Rc4]})
18... d5 $11) 16... Bxf3 $8 ({Very badly:} 16... Nb3 17. Qxb7 Nxc1 18. Rxc1 {
+/-/+-}) 17. Bxf3 Nb3 18. Bxa8 $1 ({Much worse is:} 18. Rc3 {because of:} Nd2
19. Bxa8 Nxf1 20. Bb7 Nd2 {[%csl Rb2,Rg1][%cal Gg6b1]} 21. Rc1 {+/=/+/-}) 18...
Nxc1 19. Rxc1 Rxa8 20. Qxd7 $16 Qd3 21. g3 a5 ({More stubborn resistance after:
} 21... Rf8 $5 {[%csl Rb2][%cal Gd3e2,Ge2b2]}) 22. h4 {[%csl Rg8]} b4 $2 {
[%mdl 8192] Again inexplicable tactical blunder.} (22... Rf8 $142 $16) 23. axb4
axb4 24. Qb7 {[%csl Ra8,Rb4]} Ra4 {Black protect pawn"b4",but now game is won
with the help of direct attack.} 25. Rc8+ Kh7 26. Qxf7 Ra1+ 27. Kh2 Qe4 ({
Loses right away:} 27... Qf1 28. Qg8+ Kg6 29. Qxe6+ Kh5 (29... Kh7 30. Qf5+ g6
31. Qf7#) 30. Qf7+ Kg4 (30... g6 31. Qf3#) 31. f3+ Qxf3 32. Qg6#) 28. f3 $1 $18
{Pawn"f3" distracts the black queen and it finishes a game.} Qxe3 (28... Qd3
$144 29. Qg8+ Kg6 30. h5+ $1 Kxh5 31. Qf7+ g6 32. g4+ Kh4 33. Qf6+ g5 34. Qxh6#
) 29. Qg8+ Kg6 30. h5+ $1 (30. h5+ $1 Kxh5 $8 (30... Kf6 31. Qf8+ Kg5 32. Qxg7+
Kxh5 33. Qg4#) 31. Qf7+ g6 (31... Kg5 32. Qxg7+ Kf5 (32... Kh5 33. Qg4#) 33.
Rf8#) 32. Rc5+ $18) 1-0

[Event "ISR-chT"]
[Site "Israel"]
[Date "2002.03.15"]
[Round "7"]
[White "Golod, Vitali"]
[Black "Soffer, Ram"]
[Result "1/2-1/2"]
[WhiteElo "2516"]
[BlackElo "2487"]
[Annotator "Golod,V"]
[PlyCount "45"]
[EventDate "2002.01.10"]
[EventType "team"]
[EventRounds "11"]
[EventCountry "ISR"]
[SourceTitle "CBM 089"]
[Source "ChessBase"]
[SourceDate "2002.08.12"]
[SourceVersion "1"]
[SourceVersionDate "2002.08.12"]
[SourceQuality "1"]

1. d4 Nf6 2. c4 e6 3. Nc3 Bb4 4. Qc2 O-O 5. a3 Bxc3+ 6. Qxc3 b6 7. Bg5 Ba6 {
I expected this variant from my contender.} 8. Qf3 $5 {Probably,white can not
expect a big advantage in this variant.} Nc6 9. e3 Bb7 ({Interestingly from
the beginning:} 9... Na5 $5 {See comments to Beliavsky,A-Kortschnoj,V/Lviv,
2000/CBM 77(1/2-1/2)(Golod,V)(33)}) ({Also deserves attention:} 9... h6 {
See comments to Dautov,R-Gyimesi,Z/Ohrid,2001/CBM 84(1/2-1/2)(Golod,V)(24)})
10. Qd1 $5 {Stohl's idea! The white's queen has finished the travel and has
returned on the "d1".} Nb8 $146 {It is hardly possible to count successful
this novelty.} ({Were checked in the preceding games:} 10... d6 11. Nf3 (11.
Ne2 $142) 11... Nb8 12. Bd3 Nbd7 13. O-O h6 14. Bh4 c5 15. Qe2 Qc7 16. dxc5
bxc5 $11 {Yu Mingyuan-Petran,P/Budapest,2001(0-1)(62)}) ({and} 10... h6 $5 11.
Bh4 d6 12. Ne2 g5 (12... Nb8 $143 13. Nc3 Nbd7 14. d5 $14) 13. Bg3 Ne4 14. f3
Nxg3 15. hxg3 {[%csl Rh6] <->h} Kg7 (15... Qf6 $5) 16. g4 $5 $14 {[%csl Rh6]
[%cal Ge2g3,Gg3h5] You can see comments to Stohl,I-Rozentalis,E/Germany,2001/
CBM 87(1/2-1/2)(Golod,V)(29)}) 11. Ne2 {[%csl Yc3][%cal Ge2c3] Bringing the
knight to the ideal position.} d6 ({Is a possible continuation of the play:} 
11... c5 $5 12. dxc5 bxc5 13. Nc3 {+/=/=}) 12. Nc3 Nbd7 13. d5 $1 $14 {[%csl
Rb7]} Re8 ({During the game I was afraid of} 13... Qe8 $5 14. Be2 $140 $6 (14.
Qd4 $1 $14 {(Soffer,R)}) (14. Rc1 $5 {[%csl Rc7]}) 14... exd5 15. cxd5 (15.
Bxf6 $143 Nxf6 16. cxd5 Qe5 {[%csl Rd5]} 17. Bf3 Ba6 {[%csl Rf1][%cal Ga6f1]}
18. Qa4 Bd3 19. Rd1 b5 $1 $36) 15... Ne4 $1 $11 {[%csl Rd5]}) 14. Be2 b5 $5 {
Black has conceded in the positional battle and now correctly begins tactical
actions.} 15. cxb5 (15. Nxb5 $6 exd5 16. cxd5 Re5 $132 {[%csl Rd5,Rg5]}) 15...
exd5 16. Bf3 $6 {[%mdl 16384] I wanted to win immediately Pd5.} ({After:} 16.
O-O h6 17. Bxf6 Nxf6 18. Qd4 Re5 19. b4 {I save a big positional advantage.})
16... Qb8 $1 {[%csl Rb5,Gb8][%cal Gf6e4][%mdl 256]} 17. Bxf6 ({Dubiously:} 17.
O-O {because of:} Ne4 $1 {[%csl Rg5] and my Bg5 remains outside of game.})
17... Nxf6 18. O-O ({Clearly that it is impossible to take away a pawn "d5":} 
18. Nxd5 Nxd5 19. Bxd5 Bxd5 20. Qxd5 Re5 $36 {[%csl Rb5]}) 18... a6 $1 {
This move is much better than} (18... Re5 19. b4 a6 $140 20. bxa6 Bxa6 $2 (
20... Rxa6 $142 21. b5 $14) 21. Nxd5 Nxd5 22. Bxd5 Rxd5 23. Qxd5 Bxf1 24. Kxf1
$16 c5 $140 $6 25. Rd1 {[%csl Ra8,Rd6,Rg8]}) 19. bxa6 Bxa6 {[%csl Rb2,Rf1]} 20.
Nxd5 $8 Nxd5 21. Bxd5 $6 {I didn't see the 22th move of black and consequently
have choosen this continuation.} (21. Qxd5 $142 Ra7 $1 (21... Qxb2 $2 22. Rfb1
Qc3 23. Qxa8 $1 (23. Rc1 Qb2 {[%csl Ra1]}) 23... Rxa8 24. Bxa8 g6 25. a4 c5 26.
a5 Bd3 27. Rc1 Qb2 {[%csl Ra1,Gb2,Rc1][%cal Gb2c1,Gb2a1]} 28. g3 $1 $16 {
[%cal Ga8g2,Gg2f1]}) (21... Bxf1 $2 22. Qxa8 $16) 22. Rfb1 Bb7 23. Qd1 (23. Qb3
$143 Bxf3 24. Qxb8 Rxb8 25. gxf3 c5 $44 {[%csl Ra3,Rb2]}) (23. Qd3 Bxf3 24.
gxf3 c5 $44) 23... Bxf3 24. Qxf3 c5 $44 {[%cal Ga7b7]}) 21... Ra7 $8 ({Loses
right away:} 21... Qxb2 $4 {in view of:} 22. Rb1 $1 (22. Qf3 $143 {[%csl Ra8,
Re8]} Bxf1 23. Rxf1 (23. Bxf7+ $4 Kh8 24. Bxe8 Bc4 $1 {[%csl Ra1,Yc4,Re8,Rg1]
[%cal Yc4g8]} 25. Qf8+ Bg8 26. Rd1 Qe5 $19 {[%csl Re8]}) 23... Qxa3 24. Qxf7+
Kh8 25. Bxa8 Rxa8 26. Qxc7 $16) 22... Qe5 (22... Qxa3 $144 23. Bxa8 Bxf1 $140
$2 24. Bc6 {[%csl Re8,Rf1]}) (22... Qc3 $144 23. Bxa8 Bxf1 $140 $2 24. Qa4 {
[%csl Re8,Rf1]}) 23. Bxa8 Rxa8 (23... Bxf1 $2 24. Bc6 {[%csl Re8,Rf1]}) 24. Qa4
$18) 22. Qf3 c5 $1 {[%csl Ya7,Rf7][%cal Ya7f7][%mdl 256] Only so,it's possible
to protect Pf7.} ({Badly:} 22... Rf8 $2 {because of:} 23. Rfd1 $1 (23. Rfb1 $2
Bd3 24. Rd1 Qxb2 {[%csl Ra1]} 25. Ra2 Qb5 (25... Qc3 $2 26. e4 {[%csl Rd3]} c6
$8 27. Qxd3 Qxd3 28. Rxd3 cxd5 29. Rxd5 $16) 26. a4 Qa5 $13 {[%csl Rg1]}) 23...
Qxb2 $140 24. Rab1 Qf6 $8 (24... Qxa3 $4 25. Qxf7+ Rxf7 26. Rb8+) (24... Qe5 $4
25. Qxf7+ Rxf7 26. Rb8+) 25. Qxf6 gxf6 26. Bc6 {+/=/+/-}) 23. Rfd1 {After this
move Ram Soffer agreed for a draw because of these variations:} (23. Rfd1 Qxb2
24. Rab1 Qe5 $11 (24... Qxa3 $4 25. Ra1 Be2 (25... Qb2 26. Rxa6 $18 {[%csl Ya7,
Rf7]}) 26. Rxa3 Bxf3 27. Rxa7 Bxd1 28. Bxf7+ Kf8 29. Bxe8 Kxe8 30. Rxg7 $18)) (
23. Rfb1 $143 Bd3 24. Rd1 Qxb2 {[%csl Ra1]} 25. Ra2 Qc3 $15 {[%cal Gc5c4]})
1/2-1/2